| 000 | 00830nam a22002897a 4500 | ||
|---|---|---|---|
| 999 |
_c6346 _d6346 |
||
| 001 | 8908 | ||
| 003 | BD-DhUAP | ||
| 005 | 20201230105201.0 | ||
| 008 | 201230s2004 ii 001 0 eng d | ||
| 020 | _a8187162651 | ||
| 040 |
_aDLC _cDLC _dBD-DhUAP _bEng |
||
| 082 | 0 | 0 |
_a346.54 MUL _223 |
| 100 | 1 | _aMulla, Dinshah Fardunji. | |
| 245 | 1 | 0 |
_aMulla Principles of Hindu law / _cDinshah Fardunji Mulla and Satyajeet A Desai. |
| 250 | _a18th ed. | ||
| 260 |
_aNew Delhi : _bLexisNexis Butterworths, _cc2004. |
||
| 300 |
_avolumes ; _c24 cm. |
||
| 504 | _aIncludes index. | ||
| 505 | _aV. 2-- | ||
| 650 | 0 |
_aCivil law _zIndia. |
|
| 650 | 0 | _aHindu law. | |
| 650 | 0 |
_aHindus _xLegal status, laws, etc. _zIndia. |
|
| 700 | 1 | _aDesai, Satyajeet A. | |
| 942 |
_2ddc _cBK |
||